| 000 | 00904nam a22002417a 4500 | ||
|---|---|---|---|
| 005 | 20131218170931.0 | ||
| 008 | 131126b xxu||||| |||| 00| 0 eng d | ||
| 010 | _aPUN-7759 | ||
| 020 |
_c200.00 _a9789350177334x |
||
| 035 | _aPN-6877 | ||
| 037 | _bDBAD / PUB | ||
| 037 | _bUnistar Books | ||
| 040 |
_adpl _bpn |
||
| 082 | _a450 | ||
| 100 | _aਜੀ.ਬੀ.ਸਿੰਘ | ||
| 245 |
_aਗੁਰਮੁਖੀ ਲਿਪੀ ਭਾਸ਼ਾ ਤੇ ਸਾਹਿਤ / _cਜੀ.ਬੀ.ਸਿੰਘ, ਗੁਲਜ਼ਾਰ ਸਿੰਘ ਕੰਗ |
||
| 246 |
_aGurmukhi lippi bhasha te sahit -sardar _bby Gulzar Singh Kang |
||
| 260 |
_aChandigarh _bUnistar Books _c2011 |
||
| 270 |
_bChandigarh _asco-26-27, sector-34 A _k0172-5077427- 9815471219 _e160022 |
||
| 300 | 4 |
_a178p. _c22ਸੇਂਮੀ (ਸਜਿਲੱਦ) |
|
| 942 |
_2ddc _cPN _h450 _mਜੀਬੀਸਿੰ |
||
| 999 |
_c81286 _d81286 |
||